[Event "Rheinland Pfalz op 2nd"]
[Site "Schweich"]
[Date "2010.07.17"]
[Round "4"]
[White "Yankelevich, Lev"]
[Black "Nabinger, Matthias"]
[Result "1-0"]
[WhiteElo "1935"]
[BlackElo "1412"]
[PlyCount "31"]
[EventDate "2010.07.16"]
[EventType "swiss"]
[EventRounds "7"]
[EventCountry "GER"]
[SourceTitle "EXT 2012"]
[Source "ChessBase"]
[SourceDate "2011.11.24"]
[SourceVersion "1"]
[SourceVersionDate "2011.11.24"]
[SourceQuality "1"]

1. e4 e6 2. d4 d5 3. Nc3 Bb4 4. exd5 Bxc3+ 5. bxc3 exd5 6. Bd3 Nf6 7. Ba3 c6 8. h3 Na6 9. Qe2+ Be6 10. Bxa6 bxa6 11. Qxa6 Qb6 12. Qd3 Ne4 13. Nf3 c5 14. 0-0 f5 15. dxc5 Nxc5 16. Qd4 1-0